[Event "Panevezys Elite Open 2020"]
[Site "Panevezys"]
[Date "2020.06.30"]
[Round "6.9"]
[White "Aleknavicius, Andrius"]
[Black "Chukavin, Kirill"]
[Result "0-1"]
[WhiteElo "1895"]
[BlackElo "2348"]
[Annotator "TA"]
[PlyCount "106"]
[EventDate "2020.06.26"]
[EventType "swiss"]
[EventCountry "LTU"]
[SourceTitle "playchess.com"]
[Source "ChessBase"]
[SourceQuality "1"]

{[%evp 11,106,-5,22,22,22,20,18,7,18,8,21,25,18,1,61,13,9,-18,-13,0,-7,-6,0,0,0,0,0,0,0,-13,0,0,0,0,37,43,62,64,70,57,70,58,43,0,0,0,0,-123,-147,-144,-146,-564,-177,-188,-183,-183,-181,-218,-209,-498,-477,-492,-505,-505,-490,-471,0,-420,-437,-437,-431,-429,-420,-336,-183,-183,-183,-176,-176,-190,-190,-190,-190,-560,-813,-924,-862,-1560,-1193,-1343,-1328,-6179,-5974,-29968,-29966,-11286,-4622]} 1. d4 Nf6 2. Bf4 d5 3. e3 c5 4. c3 Nc6 5. Nd2 e6 6. Ngf3 cxd4 7. exd4 {D02: 1 d4 d5 2 Nf3 sidelines, including 2...Nf6 3 g3 and 2...Nf6 3 Bf4.} Nh5 8. Be3 Bd6 9. Ne5 {The position is equal.} g6 10. g4 {Strongly threatening Nxc6.} Ng7 11. h4 h5 12. Bg5 Be7 ({Black should play} 12... Qb6 $11) 13. Bxe7 Qxe7 {[#]} 14. Qf3 $146 ({Predecessor:} 14. Bb5 O-O 15. Bxc6 bxc6 16. Rg1 Qxh4 17. Ndf3 Qf6 18. Qd2 hxg4 19. Rxg4 Nf5 20. O-O-O Qh8 21. Rdg1 Rb8 22. Rxg6+ fxg6 23. Rxg6+ Ng7 24. Rh6 {1-0 (24) Sedlak,N (2523)-Martinovic,S (2552) Mali Losinj 2017}) 14... Nxe5 15. dxe5 hxg4 16. Qxg4 Rh5 17. Nf3 Bd7 18. Bd3 O-O-O 19. O-O-O Bc6 20. Bc2 (20. Kb1 {is interesting.} Rdh8 21. Qd4 b6 22. Ng5 Kb8 23. Bc2) 20... Nf5 (20... Kb8 {looks sharper.} 21. Ng5 Rhh8 22. Qf4 Rdf8 23. Kb1 d4) 21. Bxf5 Rxf5 22. Rd4 f6 23. Re1 $1 Qg7 {[%cal Rf6e5]} 24. Qg3 Qh6+ 25. Kb1 Qh5 26. Re3 Rf8 27. exf6 R8xf6 {[%cal Rf5f3]} 28. Ne5 Rxf2 {Threatens to win with ...R6f4.} 29. Nxc6 (29. a4 $11 {remains equal.}) 29... Qf5+ $17 {Black keeps a firm grip on the game.} 30. Rdd3 bxc6 31. Qd6 $2 {[%mdl 8192]} (31. Re5 $17 {is a better chance.} Qf4 32. Qxf4 R2xf4 33. h5) 31... e5 $2 (31... Rd2 32. Qxc6+ Kd8 33. Qa8+ Ke7 34. Qxa7+ Kf8) 32. Qxe5 Qxe5 ({Don't play} 32... Rf1+ 33. Kc2 $15) 33. Rxe5 $19 {[%mdl 4096] Endgame KRR-KRR} Rh2 {( -> ...Rf1+)} 34. Rde3 Rff2 ({Less strong is} 34... Rxh4 35. Re2 $15) 35. Re6 $2 (35. Re7 {might work better.}) 35... Rxb2+ {[%mdl 64] [#] Double Attack} 36. Ka1 Rxa2+ 37. Kb1 Rab2+ 38. Ka1 Ra2+ 39. Kb1 Rhb2+ 40. Kc1 Rg2 {[%cal Ra2a1]} 41. Kb1 Kc7 42. Rxg6 Rxg6 (42... Rgb2+ $142 43. Kc1 Rh2) 43. Kxa2 {[#] KR-KR} Rg2+ $1 44. Kb3 Rh2 45. Re7+ Kb6 46. Rh7 Rh3 47. Kb2 $2 (47. h5 {nothing else works.}) 47... a5 48. h5 Kb5 49. h6 Kc4 50. Ra7 Rh2+ 51. Kb1 Rxh6 52. Rxa5 Kxc3 53. Rc5+ Kb4 {Accuracy: White = 48%, Black = 82%.} 0-1

[Event "Panevezys Elite Open 2020"]
[Site "Panevezys"]
[Date "2020.06.30"]
[Round "6.10"]
[White "Brazdzionis, Andrius"]
[Black "Steponavicius, Stasys"]
[Result "1-0"]
[WhiteElo "2342"]
[BlackElo "2183"]
[Annotator "TA"]
[PlyCount "153"]
[EventDate "2020.06.26"]
[EventType "swiss"]
[EventCountry "LTU"]
[SourceTitle "playchess.com"]
[Source "ChessBase"]
[SourceQuality "1"]

{[%evp 19,153,14,60,39,68,57,54,55,66,27,40,-45,-49,-55,-57,-68,-77,-71,-81,-71,-56,-78,-51,-23,-35,-22,-14,-20,-14,-77,48,60,116,124,109,118,109,118,129,92,75,78,63,0,0,0,0,0,0,-8,-4,-14,0,0,0,-9,0,0,16,16,77,18,62,0,11,0,0,0,0,0,367,360,337,323,319,326,386,393,375,346,313,43,51,43,58,51,81,81,81,81,81,81,137,86,85,66,166,115,275,219,273,206,211,211,273,273,418,273,596,541,618,355,872,856,1308,1283,2988,1128,29952,978,2718,1036,29976,29977,29971,29972,29990,12814,29988,29989,29991,29992,29992,29993,29995,29996]} 1. d4 d5 2. c4 e6 3. Nc3 c5 4. cxd5 exd5 5. Nf3 Nc6 6. g3 Nf6 7. Bg2 Be7 8. O-O O-O 9. dxc5 Bxc5 10. Na4 Bb6 11. Bg5 {[#] D34: Tarrasch Defence: 6 g3 Nf6 7 Bg2 Be7.} h6 $146 ({Predecessor:} 11... d4 12. Nxb6 axb6 13. e3 dxe3 14. Bxe3 Nd5 15. Bg5 f6 16. Bd2 Be6 17. Qe2 Re8 18. Qb5 Bf7 {½-½ (32) Yermolinsky,A (2601)-Annakov,B (2600) Connecticut 2000}) 12. Nxb6 axb6 13. Be3 {White is slightly better.} Bg4 14. Qb3 d4 15. Bd2 (15. Rfd1 $1 $14) 15... Re8 $36 {[%mdl 2048] Black has the initiative.} 16. Rfe1 Ne4 17. Bf4 g5 {aiming for ...Nc5.} 18. Bc1 Nc5 19. Qd1 d3 {Strongly threatening ...Rxe2.} 20. exd3 {[#]} Ne5 $1 {[%mdl 512]} 21. Rxe5 Rxe5 {[%mdl 64] Pin} 22. d4 Re8 23. Be3 Ne4 24. a3 (24. h3 $11 Bxf3 25. Qxf3) 24... Be6 (24... Qf6 $1 $17) 25. Ne5 $14 Bd5 (25... Nf6 $14) 26. Qh5 {Threatens to win with Ng4.} Qf6 27. Ng4 {[%mdl 64] Double Attack} Qg6 28. Qxg6+ ({Don't take} 28. Nxh6+ Kg7 $14) (28. Qxh6 Qxh6 29. Nxh6+ Kg7 $14) 28... fxg6 29. Nxh6+ Kg7 30. Ng4 Rac8 31. Bxg5 (31. Ne5 $14) 31... Nxg5 $11 32. Bxd5 Rcd8 33. Bg2 Rxd4 34. Ne3 Rd2 35. Rc1 Re7 36. b4 Ne6 37. Bd5 Nd4 {Hoping for ...Ne2+.} 38. Rc8 Ne6 39. h4 Nf8 (39... b5 $11 {remains equal.}) 40. Bc4 (40. h5 $16) 40... Red7 41. Bb5 ({Better is} 41. Re8 $14) 41... Re7 42. Be8 Ne6 43. h5 Ng5 44. Bxg6 Nh3+ $2 {[%mdl 8192]} (44... Rxe3 $11 {and Black stays safe.} 45. Rc7+ {[%mdl 64] Double Attack, Zwischenzug} (45. fxe3 Nf3+ 46. Kf1 Nh2+ 47. Kg1 Nf3+ 48. Kf1 Nh2+ 49. Kg1 Nf3+ $11) 45... Kh6 46. fxe3 Nf3+ 47. Kf1 Nh2+ 48. Kg1 Nf3+ 49. Kf1 Nh2+ 50. Kg1 Nf3+) 45. Kg2 $18 Rxf2+ 46. Kxh3 {Black must now prevent Nf5+.} Rxe3 {[%mdl 4096] Endgame KRR-KRB} 47. Rc7+ {[%mdl 64] Double Attack} Kg8 48. h6 Rf8 49. Kh4 Re6 50. h7+ $2 (50. Rg7+ $18 Kh8 51. g4) 50... Kh8 $14 51. Kg5 b5 52. g4 b6 53. Rc3 Kg7 54. Bf5 Ref6 55. Rd3 R6f7 (55... Rc6 $142) 56. Rd5 (56. Kh5 $142) 56... Ra7 $16 57. Rxb5 Rb8 (57... Rxa3 $14 58. Rxb6 Raa8) 58. Rd5 ({White should play} 58. Kf4 $18) 58... b5 $2 {Black cannot hold the game after this.} (58... Rxa3 $16 {might work better.} 59. Rd7+ Kh8) 59. Rd3 Rba8 60. Be4 Re8 {[#]} 61. Kf4 $1 Rf7+ 62. Bf5 Ra7 (62... Rh8 $142 63. Rd5 Rxh7 64. Rxb5 Rh8) 63. Rd5 Rb8 $2 (63... Rxa3 64. Rxb5 Kh8) 64. g5 $18 Rc7 65. Bd3 Ra7 $2 (65... Rf8+ 66. Kg4 Rb8) 66. g6 Re7 67. Rxb5 Rf8+ 68. Bf5 (68. Kg5 $142 Rfe8 69. Bf5) 68... Kh8 69. a4 (69. Kg5 $142 Rb7 70. Kh6 (70. Rxb7 Rxf5+ 71. Kg4 Rf4+ 72. Kxf4 $11) 70... Rf6 71. Ra5 (71. Rxb7 Rxg6+ 72. Kh5 Rg5+ 73. Kh4 Rg4+ 74. Kxg4 $11) 71... Ra7 72. Rd5 Rxh7+ {[#]} 73. Kg5 $1 {[%mdl 512]} Rxf5+ 74. Rxf5) 69... Re1 70. a5 (70. Kg5 $142 Rfe8 71. a5 Rg1+ 72. Bg4) 70... Rf1+ 71. Kg5 Rg1+ 72. Bg4 Ra1 73. Rb6 (73. Kh6 $142 Rh1+ 74. Bh5 Rxh5+ 75. Kxh5 Kg7 76. Kg5 Rb8 77. Rb6 Rxb6 78. axb6) 73... Rg1 74. a6 {[%cal Ba5a6,Ba6a7][%mdl 32] White mates.} Ra1 75. Kh6 {[%csl Gh6][%cal Rg6g7]} Rh1+ 76. Bh5 {[%csl Gh6][%cal Rg6g7]} Rg1 77. a7 {Accuracy: White = 61%, Black = 43%.} 1-0

[Event "Panevezys Elite Open 2020"]
[Site "Panevezys"]
[Date "2020.06.30"]
[Round "6.11"]
[White "Sciupokas, Arunas"]
[Black "Bagdanskis, Dangis"]
[Result "0-1"]
[WhiteElo "2000"]
[BlackElo "1916"]
[Annotator "TA"]
[PlyCount "54"]
[EventDate "2020.06.26"]
[EventType "swiss"]
[EventCountry "LTU"]
[SourceTitle "playchess.com"]
[Source "ChessBase"]
[SourceQuality "1"]

{[%evp 18,54,0,0,0,-8,-9,-51,0,0,-4,-56,-44,-65,-66,-65,-63,-110,-64,-71,-52,-55,-46,-50,-17,-59,-64,-133,-100,-360,-362,-414,-404,-512,-512,-504,-386,-499,-495]} 1. e4 c6 2. d4 d5 3. Nc3 dxe4 4. Nxe4 Nf6 5. Nxf6+ exf6 6. Nf3 Bd6 7. Be2 O-O 8. O-O Re8 9. Be3 Nd7 10. c4 Nf8 {B15: Caro-Kann: 3 Nc3: 3...g6 and 3...dxe4 4 Nxe4 Nf6 5 Nxf6+ exf6.} 11. Qd2 Ng6 {[#]} 12. Bd3 $146 ({Predecessor:} 12. Rfe1 Bf5 13. Rad1 Be4 14. c5 Bf4 15. Qb4 Qc7 16. g3 a5 17. Qc3 Qd7 18. Nd2 {½-½ (36) Lukinov,P (2351)-Kochavi,O (2221) Petah Tikva 2020}) 12... Qc7 (12... Bg4 $15) 13. c5 Bf8 14. Bxg6 (14. Qc2 $11) 14... fxg6 15. Bf4 Qf7 16. Rfe1 Be6 17. b3 Rad8 18. Qc3 Bd5 19. Rxe8 Qxe8 20. Nd2 Qe6 21. Qe3 Qd7 22. Re1 (22. Qc3 $15) 22... Bf7 {[#] Strongly threatening ...g5.} 23. Nf3 $2 {[%mdl 8192] This costs White the game.} (23. Ne4 $17) 23... g5 $19 24. Bg3 g4 25. Nh4 Re8 26. Qc1 Rxe1+ {[%mdl 64] [#] Overworked Piece} 27. Qxe1 g5 {Accuracy: White = 40%, Black = 70%.} 0-1

[Event "Panevezys Elite Open 2020"]
[Site "Panevezys"]
[Date "2020.06.30"]
[Round "6.12"]
[White "Valantiejus, Vaidotas"]
[Black "Frick, Christoph"]
[Result "1-0"]
[WhiteElo "2082"]
[BlackElo "2101"]
[Annotator "TA"]
[PlyCount "131"]
[EventDate "2020.06.26"]
[EventType "swiss"]
[EventCountry "LTU"]
[SourceTitle "playchess.com"]
[Source "ChessBase"]
[SourceQuality "1"]

{[%evp 15,131,29,29,23,37,30,46,35,98,56,76,63,58,0,0,8,12,-11,0,-22,10,-10,-15,-14,-22,-18,0,0,11,0,80,95,131,44,132,111,254,251,393,271,293,186,209,185,236,208,338,204,242,252,268,133,247,104,437,230,570,397,626,231,240,213,333,91,91,91,155,147,152,150,146,153,154,144,160,152,160,141,262,259,311,309,266,230,210,229,210,223,250,197,164,73,260,266,266,266,259,266,12839,12106,12840,12837,12841,12841,12840,12840,12844,12844,12845,12845,12845,12846,12846,12847,12847,12847,12848,12847]} 1. e4 c6 2. d4 d5 3. Nd2 dxe4 4. Nxe4 Nf6 5. Nxf6+ exf6 6. c3 Bd6 7. Bd3 O-O 8. Ne2 Re8 9. Qc2 {B15: Caro-Kann: 3 Nc3: 3...g6 and 3...dxe4 4 Nxe4 Nf6 5 Nxf6+ exf6.} h5 10. O-O h4 11. h3 {White is slightly better.} Qc7 ({Better is} 11... Nd7 $14) 12. Bd2 Nd7 13. Rae1 Nf8 {[#]} 14. f4 $146 (14. c4 $14) ({Predecessor:} 14. Kh1 Bd7 15. Ng1 Rad8 16. Nf3 Qc8 17. Nxh4 Bxh3 18. Nf5 Bxf5 19. Bxf5 Qc7 20. Rxe8 Rxe8 {½-½ (80) Nasuta,G (2520)-Hirneise,T (2472) Legnica 2018}) 14... c5 $11 15. dxc5 Bxc5+ 16. Kh1 (16. Nd4 $5 {[%cal Re1e8]} Bd7 17. f5 $11) 16... Bd7 17. Nd4 Rac8 18. Rxe8 Rxe8 19. Nf3 Bc6 20. Nxh4 Rd8 {aiming for ...Qd7!} 21. Bc1 g6 22. Be4 Bb5 (22... f5 $11 {keeps the balance.} 23. Bxc6 Qxc6) 23. c4 $16 Be8 24. Bd5 ({White should play} 24. f5 $16) 24... Kg7 ({Black should try} 24... Bb6 $14 25. Qc3 Bc6) 25. b3 Bd4 (25... Bc6 $16) 26. Qe4 $18 Qb6 (26... Bc3 {might work better.} 27. Qe3 Nh7 28. Nf5+ (28. Qxc3 Rxd5 29. Nf3 Rd8 $18) 28... gxf5) 27. Nf3 Bc3 28. Qc2 (28. Bxb7 $6 f5 $18) 28... Bb4 29. Bb2 {Strongly threatening a3.} Qc7 (29... Bd7 $142 30. a3 Be7) 30. Qe4 {Hoping for f5.} Bd7 (30... Qe7 $142 31. Qxe7 (31. Bxb7 Rd7 $18) 31... Bxe7 32. Bxb7 Bd7) 31. Qd4 (31. Bxb7 Bf5 $16) 31... Be7 32. Qxa7 Qxf4 33. Qd4 (33. Bxb7 $6 Qc7 $16) (33. Qxb7 $18 {is more deadly. And now c5 would win.} g5 34. Bc3) 33... Qg3 (33... Qxd4 $16 {was worth a try.} 34. Nxd4 b5) 34. Qf2 (34. Ng5 $1 $18 {and the rest is easy.} Qxg5 35. h4) 34... Qf4 $2 {[%mdl 8192]} (34... Qxf2 $16 {is a better chance.} 35. Rxf2 Bc6) 35. Qe2 (35. Qe1 $142 Be6 36. Ne5 Qxf1+ 37. Qxf1 fxe5 38. Bxb7) 35... Ne6 $2 (35... Re8 36. Ne5 (36. Bxb7 Ba3 $18) 36... Qh4 37. Nxd7 (37. Nxf7 Bxh3 38. Qf2 Qxf2 $16) 37... Nxd7) 36. Ne5 Qg5 (36... Nd4 $142) 37. Nxd7 $2 (37. Ng4) 37... Rxd7 38. Qf3 (38. Bxe6 Rd2 $14) 38... b6 (38... Qh4 $142 39. Qe3 (39. Bxb7 Nd4 $16) 39... Bc5) 39. Bc1 $2 (39. Bxe6 $18 fxe6 40. Qc6) 39... Qe5 $16 40. Qe3 Bd6 (40... Qxe3 $142 41. Bxe3 Bc5) 41. Qxe5 Bxe5 42. Be3 Rd6 43. Rd1 f5 44. Kg1 Kf6 45. Kf1 g5 46. Bf3 {Rxd6 is the strong threat.} Nd4 (46... Bd4 $16 47. a4 f4) 47. b4 $18 {[%cal Bb3b4,Bb4c5,Bc5c6][%mdl 32]} f4 48. Bf2 Ke7 49. c5 bxc5 50. bxc5 Rd8 51. Bb7 $1 f5 52. Re1 Kf6 53. a4 (53. h4 $18 {has better winning chances.} g4 54. Rd1) 53... Nc2 $2 (53... Nb3 $16) 54. Rxe5 $1 Kxe5 {[%mdl 4096] Endgame [#] KRN-KB} 55. c6 $1 {[%cal Rc6c7]} Kd6 {[#]} 56. a5 $1 Ne3+ $2 (56... Na3 57. a6 Nb5) 57. Bxe3 $1 {White is clearly winning.} fxe3 {KR-KB} 58. a6 Kc7 59. a7 Rd1+ {[#]} 60. Ke2 $1 {[%mdl 512]} Ra1 61. a8=Q Rxa8 62. Bxa8 f4 63. Bb7 Kb6 64. Kf3 Kc7 65. Ba6 Kxc6 66. Ke4 {Accuracy: White = 59%, Black = 36%.} 1-0

[Event "Panevezys Elite Open 2020"]
[Site "Panevezys"]
[Date "2020.07.01"]
[Round "7.1"]
[White "Meshkovs, Nikita"]
[Black "Heberla, Bartlomiej"]
[Result "1/2-1/2"]
[WhiteElo "2582"]
[BlackElo "2572"]
[Annotator "TA"]
[PlyCount "119"]
[EventDate "2020.06.26"]
[EventType "swiss"]
[EventCountry "LTU"]
[SourceTitle "playchess.com"]
[Source "ChessBase"]
[SourceQuality "1"]

{[%evp 14,119,0,0,0,0,0,0,0,0,0,0,6,-3,0,0,0,0,0,-8,0,0,-4,-20,-17,-26,-26,-5,-8,-52,-55,-49,0,0,0,0,0,0,0,0,-6,-48,-48,-48,-48,-58,-57,-56,-8,-21,-36,-26,0,0,0,0,0,0,0,0,0,0,0,0,0,0,6,6,6,6,50,50,50,50,50,50,50,50,50,50,50,50,50,0,0,0,0,0,0,0,0,0,0,0,0,0,0,0,0,0,0,0,0,0,0,0,0,0]} 1. d4 Nf6 2. Nf3 g6 3. g3 Bg7 4. Bg2 O-O 5. O-O d6 6. b3 e5 7. dxe5 dxe5 8. Ba3 Qxd1 {A49: 1 d4 Nf6 2 Nf3 g6 3 g3: Anti-King's Indian systems.} 9. Rxd1 Re8 10. Nc3 e4 11. Nd4 a6 12. e3 b6 13. Rd2 Bb7 14. Rad1 Nbd7 {[%cal Bb8d7,Bd7e5,Be5f3][%mdl 32]} 15. Nde2 Ne5 16. Nf4 Nf3+ 17. Bxf3 $1 exf3 {[#]} 18. Ncd5 $146 ({Predecessor:} 18. h4 Rac8 19. Nfd5 Nxd5 20. Nxd5 Bxd5 21. Rxd5 a5 22. Rd7 c5 23. R1d6 b5 24. Rd5 b4 25. Bc1 Bf6 26. a4 c4 {½-½ (26) Deforel,J (2175)-Pruell,L ICCF email 2017}) 18... Nxd5 19. Nxd5 Bxd5 20. Rxd5 a5 {[%cal Ba6a5,Ba5a4][%mdl 32]} 21. R1d3 a4 22. b4 Bf8 23. b5 Bxa3 24. Rxa3 $11 {[%mdl 4096] Endgame KRR-KRR} Rad8 25. Rad3 Rxd5 26. Rxd5 {KR-KR} Rc8 27. Rd3 c6 28. bxc6 $1 Rxc6 29. c3 f5 30. h3 Kf7 31. g4 fxg4 32. hxg4 Rc4 33. Rd4 $1 {[%cal Rd4c4]} Rxc3 34. Rxa4 Rc2 $1 35. Rf4+ Kg7 36. a4 g5 37. Rb4 h6 38. Kh2 {aiming for Kg3.} Rxf2+ {[#]} 39. Kg3 $1 {[%mdl 512]} Rf1 40. Rxb6 f2 41. Rb4 Kf6 42. Kg2 Ra1 43. Kxf2 Ke5 44. Kf3 Rf1+ $1 45. Ke2 Ra1 46. Rc4 Kd5 47. Rd4+ Ke5 48. Kd2 Ra2+ {The position is equal.} 49. Kc3 Ra3+ 50. Kb4 Rxe3 51. Rc4 {[#] Strongly threatening a5.} h5 {White must now prevent ...h4.} 52. gxh5 {h6 is the strong threat.} Rh3 53. a5 Rxh5 54. a6 Rh8 55. Kb5 Kf5 56. a7 g4 57. Rxg4 Kxg4 58. Kb6 Ra8 59. Kb7 Rxa7+ 60. Kxa7 {Accuracy: White = 92%, Black = 90%.} 1/2-1/2

[Event "Panevezys Elite Open 2020"]
[Site "Panevezys"]
[Date "2020.07.01"]
[Round "7.2"]
[White "Baum, Jonasz"]
[Black "Golubovskis, Maksims"]
[Result "0-1"]
[WhiteElo "2373"]
[BlackElo "2062"]
[Annotator "ChessBase"]
[PlyCount "96"]
[EventDate "2020.06.26"]
[EventType "swiss"]
[EventCountry "LTU"]
[SourceTitle "playchess.com"]
[Source "ChessBase"]
[SourceQuality "1"]
[TimeControl "40/5400+30:1800+30"]

1. d4 {[%emt 0:00:00]} Nf6 {[%emt 0:00:00]} 2. c4 {[%emt 0:00:00]} e6 {[%emt 0:00:00]} 3. Nf3 {[%emt 0:00:00]} b6 {[%emt 0:00:10]} 4. Bf4 {[%emt 0:00:16]} Bb4+ {[%emt 0:00:07]} 5. Nfd2 {[%emt 0:00:41]} Nh5 {[%emt 0:00:06]} 6. Bg3 {[%emt 0:05:45]} Bb7 {[%emt 0:00:02]} 7. a3 {[%emt 0:00:19]} Be7 {[%emt 0:00:17]} 8. Nc3 {[%emt 0:00:05]} d5 {[%emt 0:04:56]} 9. e4 {[%emt 0:09:07]} Nxg3 {[%emt 0:00:16]} 10. hxg3 {[%emt 0:00:02]} dxe4 {[%emt 0:00:09]} 11. Ndxe4 {[%emt 0:00:06]} f5 {[%emt 0:02:47]} 12. Nd2 {[%emt 0:15:42]} Qxd4 {[%emt 0:00:50]} 13. Nb5 {[%emt 0:16:52]} Qd7 {[%emt 0:02:59]} 14. Nf3 {[%emt 0:12:27]} Nc6 {[%emt 0:05:13]} 15. Qxd7+ {[%emt 0:00:49]} Kxd7 {[%emt 0:00:00]} 16. O-O-O+ {[%emt 0:00:33]} Bd6 {[%emt 0:06:14]} 17. Ng5 {[%emt 0:13:51]} Ke7 {[%emt 0:01:46]} 18. Rxh7 {[%emt 0:03:48]} Rxh7 {[%emt 0:00:51]} 19. Nxh7 {[%emt 0:00:08]} Bc5 {[%emt 0:11:53]} 20. Ng5 {[%emt 0:04:34]} Bxf2 {[%emt 0:00:44]} 21. Nxe6 {[%emt 0:00:16]} Kxe6 {[%emt 0:00:57]} 22. Nxc7+ {[%emt 0:00:03]} Ke7 {[%emt 0:00:57]} 23. Nxa8 {[%emt 0:00:07]} Bxa8 {[%emt 0:00:34]} 24. Kc2 {[%emt 0:12:21]} Ne5 {[%emt 0:00:32]} 25. Kc3 {[%emt 0:02:36]} Ng4 {[%emt 0:01:02]} 26. Bd3 {[%emt 0:00:25]} Ne3 {[%emt 0:00:37]} 27. Rh1 {[%emt 0:00:23]} Bxg3 {[%emt 0:00:22]} 28. Rh7 {[%emt 0:01:39]} Kf6 29. b4 {[%emt 0:00:52]} Bxg2 {[%emt 0:00:59]} 30. c5 {[%emt 0:00:32]} bxc5 {[%emt 0:00:01]} 31. bxc5 {[%emt 0:00:06]} f4 {[%emt 0:00:11]} 32. Rh8 {[%emt 0:01:03]} Bc6 {[%emt 0:04:54]} 33. Rc8 {[%emt 0:00:22]} Nd5+ {[%emt 0:00:15]} 34. Kd4 {[%emt 0:00:36]} Bf2+ {[%emt 0:00:37]} 35. Kc4 {[%emt 0:00:07]} Ne7 {[%emt 0:01:23]} 36. Rf8+ {[%emt 0:00:04]} Ke5 {[%emt 0:00:22]} 37. Kb4 {[%emt 0:01:08]} g5 {[%emt 0:02:57]} 38. Be2 {[%emt 0:00:19]} Nd5+ {[%emt 0:00:43]} 39. Kb3 {[%emt 0:00:36]} Bxc5 {[%emt 0:00:32]} 40. Rg8 {[%emt 0:00:19]} Be7 {[%emt 0:01:07]} 41. a4 {[%emt 0:30:27]} Bxa4+ {[%emt 0:30:09]} 42. Kc4 {[%emt 0:00:34]} Bb5+ {[%emt 0:00:19]} 43. Kxb5 {[%emt 0:00:19]} Nc3+ {[%emt 0:00:01]} 44. Kc6 {[%emt 0:00:34]} Nxe2 {[%emt 0:00:29]} 45. Kd7 {[%emt 0:00:13]} Kf6 {[%emt 0:01:05]} 46. Re8 {[%emt 0:00:12]} f3 {[%emt 0:00:27]} 47. Rh8 {[%emt 0:00:00]} f2 {[%emt 0:00:00]} 48. Rh6+ {[%emt 0:00:00]} Kg7 {[%emt 0:00:00]} 0-1

[Event "Panevezys Elite Open 2020"]
[Site "Panevezys"]
[Date "2020.07.01"]
[Round "7.3"]
[White "Juknis, Paulius"]
[Black "Jazdanovs, Aleksandrs"]
[Result "0-1"]
[WhiteElo "2127"]
[BlackElo "2222"]
[Annotator "ChessBase"]
[PlyCount "84"]
[EventDate "2020.06.26"]
[EventType "swiss"]
[EventCountry "LTU"]
[SourceTitle "playchess.com"]
[Source "ChessBase"]
[SourceQuality "1"]
[TimeControl "40/5400+30:1800+30"]

1. e4 {[%emt 0:00:00]} e5 {[%emt 0:00:00]} 2. Nf3 {[%emt 0:02:44]} Nc6 {[%emt 0:00:00]} 3. Nc3 {[%emt 0:00:20]} Nf6 {[%emt 0:00:00]} 4. d4 {[%emt 0:00:26]} exd4 {[%emt 0:00:04]} 5. Nxd4 {[%emt 0:00:07]} Bb4 {[%emt 0:00:36]} 6. Nxc6 {[%emt 0:00:40]} bxc6 {[%emt 0:00:07]} 7. Bd3 {[%emt 0:00:14]} d5 {[%emt 0:00:27]} 8. exd5 {[%emt 0:00:13]} cxd5 {[%emt 0:00:59]} 9. O-O {[%emt 0:00:15]} O-O {[%emt 0:00:07]} 10. h3 {[%emt 0:00:15]} h6 {[%emt 0:04:45]} 11. Qf3 {[%emt 0:04:33]} c6 {[%emt 0:01:31]} 12. Bf4 {[%emt 0:03:19]} Be6 {[%emt 0:02:32]} 13. Na4 {[%emt 0:06:12]} Bd6 {[%emt 0:02:33]} 14. Rac1 {[%emt 0:08:59]} d4 {[%emt 0:07:32]} 15. Bxd6 {[%emt 0:03:47]} Qxd6 {[%emt 0:00:10]} 16. c4 {[%emt 0:00:22]} c5 {[%emt 0:01:04]} 17. Qg3 {[%emt 0:14:48]} Qxg3 {[%emt 0:02:16]} 18. fxg3 {[%emt 0:00:01]} Rac8 {[%emt 0:02:13]} 19. b3 {[%emt 0:03:06]} Nd7 {[%emt 0:02:04]} 20. Rce1 {[%emt 0:01:58]} Rfe8 {[%emt 0:05:51]} 21. Nb2 {[%emt 0:06:04]} Kf8 {[%emt 0:03:01]} 22. Be4 {[%emt 0:04:32]} Nf6 {[%emt 0:01:15]} 23. Bc2 {[%emt 0:09:45]} Bd7 {[%emt 0:03:23]} 24. Nd1 {[%emt 0:03:28]} h5 {[%emt 0:02:21]} 25. Nf2 {[%emt 0:01:38]} g6 {[%emt 0:07:42]} 26. Ne4 {[%emt 0:09:45]} Nxe4 {[%emt 0:00:32]} 27. Bxe4 {[%emt 0:00:13]} Bc6 {[%emt 0:03:00]} 28. Bxc6 {[%emt 0:00:21]} Rxc6 {[%emt 0:00:04]} 29. Rxe8+ {[%emt 0:01:29]} Kxe8 {[%emt 0:03:14]} 30. Rd1 {[%emt 0:00:17]} Rf6 {[%emt 0:01:11]} 31. b4 {[%emt 0:00:32]} cxb4 {[%emt 0:00:27]} 32. Rxd4 {[%emt 0:00:05]} Rf5 {[%emt 0:01:51]} 33. g4 {[%emt 0:07:13]} hxg4 {[%emt 0:00:11]} 34. hxg4 {[%emt 0:00:03]} Re5 {[%emt 0:02:12]} 35. Kf2 {[%emt 0:00:32]} Ra5 {[%emt 0:00:08]} 36. Rd2 {[%emt 0:00:11]} Ra3 {[%emt 0:00:05]} 37. g5 {[%emt 0:06:03]} Rc3 {[%emt 0:00:42]} 38. Rd4 {[%emt 0:00:15]} Rc2+ {[%emt 0:00:44]} 39. Kf3 {[%emt 0:00:06]} Rxa2 {[%emt 0:00:03]} 40. c5 {[%emt 0:00:16]} a5 {[%emt 0:00:05]} 41. Ke4 {[%emt 0:30:56]} Rc2 {[%emt 0:30:16]} 42. Kd5 {[%emt 0:00:16]} b3 {[%emt 0:00:06]} 0-1

[Event "Panevezys Elite Open 2020"]
[Site "Panevezys"]
[Date "2020.07.01"]
[Round "7.4"]
[White "Laurusas, Tomas"]
[Black "Bekasovs, Rihards"]
[Result "1-0"]
[WhiteElo "2511"]
[BlackElo "2179"]
[Annotator "TA"]
[PlyCount "37"]
[EventDate "2020.06.26"]
[EventType "swiss"]
[EventCountry "LTU"]
[SourceTitle "playchess.com"]
[Source "ChessBase"]
[SourceQuality "1"]

{[%evp 9,37,98,106,101,102,104,143,139,159,152,232,245,236,208,273,273,552,580,563,570,601,407,407,407,407,407,403,402,418,431]} 1. d4 g6 2. c4 c5 3. d5 Bg7 4. e4 b5 5. cxb5 a6 6. Nc3 {A40: Unusual replies to 1 d4.} axb5 7. Bxb5 Qa5 {[#]} 8. a4 $146 {White is clearly better.} ({Predecessor:} 8. Nge2 Nf6 9. Bd3 O-O 10. O-O d6 11. f4 c4 12. Bc2 Qc5+ 13. Kh1 Ng4 14. Qe1 Ne3 15. Bxe3 Qxe3 16. Rb1 Bg4 17. a4 {0-1 (17) Fedoseev,V (2203)-Sharafiev,A (2432) Kazan 2009}) 8... Bxc3+ 9. bxc3 Qxc3+ (9... Nf6 $16 {was necessary.}) 10. Bd2 $18 Qe5 11. f3 Nf6 12. Ne2 {[#] Bf4 is the strong threat.} O-O $2 (12... Qc7 13. Bf4 Qa5+ 14. Kf2 Bb7) 13. Bf4 Qb2 14. Rb1 Qa3 15. Rb3 Qa2 {White is winning.} 16. O-O {[#] aiming for Nc3.} c4 17. Bxc4 Qxa4 18. Rxb8 {Black must now prevent Qxa4.} Qa7+ 19. Qd4 {Black did not feel at home in the position after the opening. Accuracy: White = 82%, Black = 47%.} 1-0